|
|
|
|
| LEADER |
00000nab#a22000007a#4500 |
| 001 |
arbauad004811 |
| 003 |
AR-BaUAD |
| 005 |
20250711110649.0 |
| 008 |
940718|||||||||###||||||b###|0###a|spa|| |
| 040 |
|
|
|a AR-BaUAD
|c AR-BaUAD
|b spa
|
| 100 |
|
|
|a Bragagnolo, Ebe
|
| 245 |
|
|
|a San Bartolomé Rosario /
|c Ebe Bragagnolo; José Jumilla;
|
| 300 |
0 |
|
|b fot., plantas
|
| 500 |
|
|
|a Descripción del edificio.
|
| 653 |
|
|
|a ROSARIO
|
| 653 |
|
|
|a ARQUITECTURA RELIGIOSA
|
| 653 |
|
|
|a IGLESIAS
|
| 653 |
|
|
|a IGLESIA DE SAN BARTOLOME
|
| 653 |
|
|
|a ARGENTINA
|
| 653 |
|
|
|a ARQUITECTURA
|
| 653 |
|
|
|a HISTORIA
|
| 653 |
|
|
|a COMUNIDADES
|
| 653 |
|
|
|a ANGLICANISMO
|
| 653 |
|
|
|a VICTORIANO
|
| 653 |
|
|
|a ESTILOS ARQUITECTONICOS
|
| 653 |
|
|
|a SIGLO XIX
|
| 700 |
1 |
|
|a Jumilla, José
|
| 773 |
0 |
|
|t DANA
|g no. 8 [set. 1979], p. 25-31
|
| 942 |
|
|
|c ARTI
|
| 952 |
|
|
|0 0
|1 0
|4 0
|7 0
|9 49731
|a AR-BAuAD
|b AR-BAuAD
|d 2025-07-11
|l 0
|p AAQA004811
|r 2025-07-11 11:06:49
|w 2025-07-11
|y ARTI
|
| 990 |
|
|
|a AQ197
|b TD
|
| 998 |
|
|
|a AAQ
|b BIBUN76
|
| 999 |
|
|
|c 29404
|d 29404
|